[Event "North Shields op"]
[Site "North Shields"]
[Date "1999.??.??"]
[Round "3"]
[White "Waters, Clive L"]
[Black "Bell, Stephen"]
[Result "1/2-1/2"]
[WhiteElo "2160"]
[BlackElo "2370"]
[PlyCount "20"]
[EventDate "1999.??.??"]
[EventType "swiss"]
[EventRounds "5"]
[EventCountry "ENG"]
[SourceTitle "EXT 2001"]
[Source "ChessBase"]
[SourceDate "2000.11.22"]
[SourceVersion "1"]
[SourceVersionDate "2000.11.22"]
[SourceQuality "1"]

1. d4 e6 2. Nf3 Nf6 3. c3 c5 4. Bg5 cxd4 5. cxd4 Qb6 6. Qc1 Bb4+ 7. Bd2 Nc6 8. e3 Be7 9. Nc3 d5 10. Be2 0-0 1/2-1/2

[Event "BCF-chT 9697 (4NCL)"]
[Site "England"]
[Date "1997.??.??"]
[Round "12.3"]
[White "Bell, Stephen"]
[Black "Byway, Paul V"]
[Result "1-0"]
[WhiteElo "2365"]
[BlackElo "2230"]
[PlyCount "71"]
[EventDate "1996.10.??"]
[EventType "team"]
[EventRounds "12"]
[EventCountry "ENG"]
[SourceTitle "EXT 1999"]
[Source "ChessBase"]
[SourceDate "1998.11.16"]
[SourceVersion "1"]
[SourceVersionDate "1998.11.16"]
[SourceQuality "1"]
[WhiteTeam "Northumbria"]
[BlackTeam "Hertford"]
[WhiteTeamCountry "ENG"]
[BlackTeamCountry "ENG"]

1. d4 Nf6 2. c4 e6 3. g3 d5 4. Bg2 Be7 5. Nf3 0-0 6. 0-0 dxc4 7. Qc2 a6 8. a4 Bd7 9. Rd1 Bc6 10. Nc3 a5 11. e4 Na6 12. Ne5 Nb4 13. Qe2 Be8 14. Nxc4 c6 15. Be3 Nd7 16. Rac1 f6 17. d5 exd5 18. exd5 cxd5 19. Nxd5 Nxd5 20. Bxd5+ Kh8 21. Be6 Ra6 22. Bxd7 Bxd7 23. Nb6 Rxb6 24. Bxb6 Qe8 25. Rxd7 Qxd7 26. Rc7 Qxa4 27. Qxe7 Qd1+ 28. Kg2 Qd5+ 29. f3 Rg8 30. Rxb7 h5 31. Rd7 Qg5 32. h4 Qf5 33. Qf7 Kh7 34. Rd5 Qg6 35. Rxh5+ Qxh5 36. Qxh5# 1-0

[Event "BCF-chT 9697 (4NCL)"]
[Site "England"]
[Date "1996.11.23"]
[Round "3.3"]
[White "Bell, Stephen"]
[Black "Dishman, Stephen"]
[Result "1-0"]
[WhiteElo "2365"]
[BlackElo "2300"]
[PlyCount "97"]
[EventDate "1996.10.??"]
[EventType "team"]
[EventRounds "12"]
[EventCountry "ENG"]
[SourceTitle "EXT 1999"]
[Source "ChessBase"]
[SourceDate "1998.11.16"]
[SourceVersion "1"]
[SourceVersionDate "1998.11.16"]
[SourceQuality "1"]
[WhiteTeam "Northumbria"]
[BlackTeam "Barbican"]
[WhiteTeamCountry "ENG"]
[BlackTeamCountry "ENG"]

1. Nf3 d6 2. e4 Nf6 3. Nc3 e5 4. d4 Nbd7 5. h3 Be7 6. g3 0-0 7. Bg2 c6 8. a4 b6 9. 0-0 Re8 10. Re1 Bf8 11. Be3 a6 12. d5 cxd5 13. exd5 Bb7 14. Nd2 Rc8 15. Ra3 g6 16. g4 h6 17. Nf1 Bg7 18. Qd2 Kh7 19. Ng3 Nc5 20. Raa1 Rc7 21. Rad1 Rce7 22. g5 Ng8 23. b4 Nd7 24. Nce4 Qc7 25. c4 f5 26. gxf6 Ndxf6 27. c5 bxc5 28. bxc5 Rd8 29. cxd6 Rxd6 30. Nxd6 Qxd6 31. Qa5 Rf7 32. Qb6 Qd7 33. Qe6 Bc8 34. Qxd7 Bxd7 35. a5 Ne7 36. d6 Nf5 37. Nxf5 gxf5 38. f4 e4 39. Bf1 Nh5 40. Bxa6 Bc3 41. Re2 Bxa5 42. Rg2 Bd8 43. Kh2 Bf6 44. Bc4 Rf8 45. Rb1 Ng7 46. Rb7 Bc6 47. Rc7 Ba4 48. Rgxg7+ Bxg7 49. Bd4 1-0

[Event "BCF-chT 9697 (4NCL)"]
[Site "England"]
[Date "1996.10.20"]
[Round "2.3"]
[White "Bell, Stephen"]
[Black "Haydon, Richard"]
[Result "1-0"]
[WhiteElo "2365"]
[BlackElo "2220"]
[PlyCount "32"]
[EventDate "1996.10.??"]
[EventType "team"]
[EventRounds "12"]
[EventCountry "ENG"]
[SourceTitle "EXT 1999"]
[Source "ChessBase"]
[SourceDate "1998.11.16"]
[SourceVersion "1"]
[SourceVersionDate "1998.11.16"]
[SourceQuality "1"]
[WhiteTeam "Northumbria"]
[BlackTeam "Witney"]
[WhiteTeamCountry "ENG"]
[BlackTeamCountry "ENG"]

1. d4 d6 2. e4 Nf6 3. Nc3 g6 4. Nf3 Bg7 5. Be2 0-0 6. 0-0 Bg4 7. a4 Nc6 8. a5 a6 9. b3 Na7 10. Be3 Nb5 11. Nxb5 axb5 12. h3 Bc8 13. Qd3 c5 14. dxc5 dxc5 15. b4 Be6 16. c3 Qc8 1-0

[Event "BCF-chT 9596 (4NCL) 3rd"]
[Site "England"]
[Date "1996.04.27"]
[Round "9.1"]
[White "Cummings, David H"]
[Black "Bell, Stephen"]
[Result "1/2-1/2"]
[WhiteElo "2350"]
[BlackElo "2350"]
[PlyCount "89"]
[EventDate "1995.11.25"]
[EventType "team-tourn"]
[EventRounds "13"]
[EventCountry "ENG"]
[SourceTitle "EXT 2019"]
[Source "ChessBase"]
[SourceDate "2018.10.10"]
[SourceVersion "1"]
[SourceVersionDate "2018.10.10"]
[SourceQuality "1"]
[WhiteTeam "South Wales Dragons"]
[BlackTeam "Newcastle"]
[WhiteTeamCountry "ENG"]
[BlackTeamCountry "ENG"]

1. d4 e6 2. Nf3 d5 3. g3 c5 4. Bg2 Nc6 5. 0-0 Bd7 6. c4 dxc4 7. Na3 cxd4 8. Nxc4 b5 9. Nce5 Rc8 10. Nxc6 Bxc6 11. Qxd4 Qxd4 12. Nxd4 Bxg2 13. Kxg2 a6 14. Bf4 Bc5 15. Rac1 Ne7 16. Nb3 Bb6 17. Bd6 Rxc1 18. Rxc1 Kd7 19. Rd1 Nd5 20. Be5 f6 21. Bd4 Bxd4 22. Nxd4 Rc8 23. e4 Nb6 24. Nf5+ Kc7 25. Nxg7 Kb7 26. Nxe6 Rc2 27. b3 Rxa2 28. Rd6 a5 29. Nc5+ Kc7 30. Rxf6 a4 31. bxa4 bxa4 32. Na6+ Kb7 33. Nc5+ Kc7 34. Nxa4 Nxa4 35. Rf7+ Kd6 36. Rxh7 Nc3 37. Rh4 Ke5 38. Rf4 Nxe4 39. h4 Nf6 40. Kh3 Ne4 41. Kg2 Nf6 42. Rf3 Rb2 43. Re3+ Ne4 44. Rf3 Nf6 45. Re3+ 1/2-1/2

[Event "Tyneside int"]
[Site "Newcastle on Tyne"]
[Date "1995.05.30"]
[Round "9"]
[White "Bell, Stephen"]
[Black "Walker, David John"]
[Result "1/2-1/2"]
[WhiteElo "2385"]
[BlackElo "2300"]
[PlyCount "66"]
[EventDate "1995.05.26"]
[EventType "tourn"]
[EventRounds "9"]
[EventCountry "ENG"]
[EventCategory "3"]
[SourceTitle "EXT 1999"]
[Source "ChessBase"]
[SourceDate "1998.11.16"]
[SourceVersion "1"]
[SourceVersionDate "1998.11.16"]
[SourceQuality "1"]

1. d4 Nf6 2. c4 g6 3. Nc3 Bg7 4. e4 d6 5. Nf3 0-0 6. Be2 e5 7. 0-0 Nc6 8. d5 Ne7 9. Nd2 c5 10. Rb1 Ne8 11. b4 b6 12. bxc5 bxc5 13. Nb3 f5 14. Bg5 h6 15. Bxe7 Qxe7 16. Na5 Qg5 17. exf5 gxf5 18. Rb3 Bd7 19. Nc6 Kh8 20. Kh1 Rg8 21. f4 exf4 22. Bf3 Nf6 23. Ne2 Rae8 24. Qc1 Re3 25. Nxf4 Rxb3 26. axb3 Rc8 27. g3 Ne4 28. Kg2 Be5 29. Nxe5 dxe5 30. Bxe4 exf4 31. Bd3 Rc7 32. Qc3+ Qg7 33. Qxg7+ Kxg7 1/2-1/2

[Event "Tyneside int"]
[Site "Newcastle on Tyne"]
[Date "1995.05.29"]
[Round "8"]
[White "O'Cinneide, Mel"]
[Black "Bell, Stephen"]
[Result "0-1"]
[WhiteElo "2280"]
[BlackElo "2385"]
[PlyCount "82"]
[EventDate "1995.05.26"]
[EventType "tourn"]
[EventRounds "9"]
[EventCountry "ENG"]
[EventCategory "3"]
[SourceTitle "EXT 1999"]
[Source "ChessBase"]
[SourceDate "1998.11.16"]
[SourceVersion "1"]
[SourceVersionDate "1998.11.16"]
[SourceQuality "1"]

1. c4 c5 2. g3 Nc6 3. Bg2 g6 4. Nc3 Bg7 5. Nf3 Nf6 6. d4 cxd4 7. Nxd4 0-0 8. 0-0 Nxd4 9. Qxd4 d6 10. Qd3 Bf5 11. e4 Be6 12. Bd2 Nd7 13. b3 Qb6 14. Rac1 Rac8 15. Be3 Qd8 16. f4 Nc5 17. Qd2 Qd7 18. f5 gxf5 19. Bh6 f6 20. Bxg7 Kxg7 21. Rf4 Rh8 22. Re1 Rce8 23. Rh4 h5 24. Qe3 a5 25. Qf3 fxe4 26. Nxe4 Bg4 27. Nxc5 dxc5 28. Qxb7 Qxb7 29. Bxb7 e5 30. h3 Be6 31. Bd5 Bc8 32. Kg2 Bf5 33. Kf2 Rd8 34. Be4 Bc8 35. Bf3 Kh6 36. Rd1 Rxd1 37. Bxd1 Rd8 38. Bf3 Re8 39. Be2 Be6 40. Bf3 Rd8 41. Bd5 f5 0-1

[Event "Tyneside int"]
[Site "Newcastle on Tyne"]
[Date "1995.05.27"]
[Round "4"]
[White "Bell, Stephen"]
[Black "Rowson, Jonathan"]
[Result "0-1"]
[WhiteElo "2385"]
[BlackElo "2345"]
[PlyCount "44"]
[EventDate "1995.05.26"]
[EventType "tourn"]
[EventRounds "9"]
[EventCountry "ENG"]
[EventCategory "3"]
[SourceTitle "EXT 1999"]
[Source "ChessBase"]
[SourceDate "1998.11.16"]
[SourceVersion "1"]
[SourceVersionDate "1998.11.16"]
[SourceQuality "1"]

1. Nf3 d5 2. d4 Bf5 3. c4 e6 4. Qb3 Nc6 5. c5 Rb8 6. Nc3 Nf6 7. Bg5 Be7 8. e3 0-0 9. Bb5 Ne4 10. Bf4 g5 11. Bg3 g4 12. Ng1 b6 13. Nxe4 Bxe4 14. f3 bxc5 15. fxe4 a6 16. Bxc6 Rxb3 17. axb3 cxd4 18. exd4 Bb4+ 19. Kd1 Qg5 20. Be1 Qe3 21. Bxb4 Qxb3+ 22. Ke2 Qxb4 0-1

[Event "Tyneside int"]
[Site "Newcastle on Tyne"]
[Date "1995.05.26"]
[Round "2"]
[White "Bell, Stephen"]
[Black "Ledger, Andrew"]
[Result "0-1"]
[WhiteElo "2385"]
[BlackElo "2410"]
[PlyCount "82"]
[EventDate "1995.05.26"]
[EventType "tourn"]
[EventRounds "9"]
[EventCountry "ENG"]
[EventCategory "3"]
[SourceTitle "EXT 1999"]
[Source "ChessBase"]
[SourceDate "1998.11.16"]
[SourceVersion "1"]
[SourceVersionDate "1998.11.16"]
[SourceQuality "1"]

1. d4 Nf6 2. c4 g6 3. g3 c6 4. Bg2 d5 5. cxd5 cxd5 6. Nf3 Bg7 7. Nc3 0-0 8. Ne5 e6 9. Bg5 Qb6 10. Qd2 Nfd7 11. Nf3 Nc6 12. Rd1 Nf6 13. Bxf6 Bxf6 14. h4 h5 15. 0-0 Bd7 16. e3 Na5 17. Ne5 Bxe5 18. dxe5 Nc4 19. Qd4 Qxd4 20. exd4 Rfc8 21. b3 Na3 22. Rc1 Rc6 23. Ne2 Rac8 24. Rxc6 Rxc6 25. Rc1 Rxc1+ 26. Nxc1 Nc2 27. f4 Bb5 28. Kf2 f6 29. exf6 Nxd4 30. Bf3 Kf7 31. Bd1 a5 32. a3 Kxf6 33. Na2 e5 34. Nc3 Bc6 35. fxe5+ Kxe5 36. b4 axb4 37. axb4 Bd7 38. Be2 Nxe2 39. Nxe2 Ke4 40. Nf4 Bf5 41. Ke2 Kd4 0-1

[Event "BCF-ch"]
[Site "Blackpool"]
[Date "1988.??.??"]
[Round "?"]
[White "Anand, Viswanathan"]
[Black "Bell, Stephen"]
[Result "0-1"]
[WhiteElo "2555"]
[BlackElo "2380"]
[PlyCount "92"]
[EventDate "1988.08.??"]
[EventType "swiss"]
[EventRounds "11"]
[EventCountry "ENG"]
[SourceTitle "TD"]
[Source "ChessBase"]
[SourceDate "1994.03.01"]
[SourceVersion "1"]
[SourceVersionDate "1994.03.01"]
[SourceQuality "1"]

1. e4 d6 2. d4 Nf6 3. Nc3 g6 4. f4 Bg7 5. Nf3 0-0 6. Be2 c5 7. d5 e6 8. dxe6 Bxe6 9. 0-0 d5 10. e5 Ne8 11. Ng5 Nc6 12. Nxe6 fxe6 13. Bg4 Nc7 14. Ne2 Rf7 15. Be3 Qe7 16. c3 Rd8 17. Qd2 b6 18. g3 a5 19. a4 Kh8 20. Kg2 Qd7 21. Bg1 Ne7 22. b4 Qc6 23. bxc5 bxc5 24. Bf3 g5 25. Qe3 Na6 26. c4 Nf5 27. Qd2 Nb4 28. Rac1 g4 29. Bxg4 d4+ 30. Kh3 Qxa4 31. Ra1 Qb3 32. Rxa5 Ne3 33. Bxe3 dxe3 34. Qc3 Qxc3 35. Nxc3 Bxe5 36. Ne4 Bd4 37. Ng5 Rf6 38. Ra7 Nd3 39. Kg2 h6 40. Ne4 Rg6 41. Be2 Nf2 42. Nd6 Rb8 43. Nb5 e5 44. fxe5 Bxe5 45. Rb1 Rbg8 46. Kf3 Rxg3+ 0-1

[Event "BCF-ch"]
[Site "Blackpool"]
[Date "1988.??.??"]
[Round "?"]
[White "Flear, Glenn C"]
[Black "Bell, Stephen"]
[Result "1-0"]
[WhiteElo "2470"]
[BlackElo "2380"]
[PlyCount "41"]
[EventDate "1988.08.??"]
[EventType "swiss"]
[EventRounds "11"]
[EventCountry "ENG"]
[SourceTitle "TD"]
[Source "ChessBase"]
[SourceDate "1994.03.01"]
[SourceVersion "1"]
[SourceVersionDate "1994.03.01"]
[SourceQuality "1"]

1. d4 d5 2. c4 Nc6 3. Nc3 dxc4 4. Nf3 Nf6 5. e4 Bg4 6. Be3 Bxf3 7. gxf3 e5 8. d5 Ne7 9. Qa4+ Nd7 10. d6 Nc6 11. dxc7 Qxc7 12. Bh3 Bb4 13. 0-0-0 Nf6 14. Nd5 Qa5 15. Nxf6+ gxf6 16. Bd7+ Ke7 17. Bxc6 bxc6 18. Qxc6 Rhd8 19. Qb7+ Ke6 20. Rd5 Rxd5 21. exd5+ 1-0

[Event "BCF-ch"]
[Site "Southampton"]
[Date "1986.??.??"]
[Round "10"]
[White "Bell, Stephen"]
[Black "Bowden, Karl"]
[Result "1/2-1/2"]
[WhiteElo "2360"]
[BlackElo "2340"]
[PlyCount "65"]
[EventDate "1986.07.28"]
[EventType "swiss"]
[EventRounds "11"]
[EventCountry "ENG"]
[SourceTitle "EXT 1999"]
[Source "ChessBase"]
[SourceDate "1998.11.16"]
[SourceVersion "1"]
[SourceVersionDate "1998.11.16"]
[SourceQuality "1"]

1. c4 g6 2. g3 Bg7 3. Bg2 Nf6 4. Nf3 0-0 5. 0-0 d6 6. d4 Nc6 7. Nc3 a6 8. h3 Rb8 9. e4 Nd7 10. Be3 b5 11. cxb5 axb5 12. b3 b4 13. Na4 Ba6 14. Re1 Na7 15. Qc2 c6 16. e5 Bb5 17. Rac1 Qa5 18. Bf4 Nc8 19. Ng5 dxe5 20. dxe5 e6 21. h4 Ne7 22. h5 Bxa4 23. hxg6 hxg6 24. bxa4 Rbc8 25. Bh3 Nxe5 26. Bxe5 Bxe5 27. Nxe6 fxe6 28. Bxe6+ Kg7 29. Bxc8 Rxc8 30. Rcd1 Qc7 31. Re4 Bc3 32. Re6 Rf8 33. Rdd6 1/2-1/2

[Event "BCF-ch"]
[Site "Southampton"]
[Date "1986.??.??"]
[Round "9"]
[White "Kosten, Anthony C"]
[Black "Bell, Stephen"]
[Result "0-1"]
[WhiteElo "2455"]
[BlackElo "2360"]
[PlyCount "96"]
[EventDate "1986.07.28"]
[EventType "swiss"]
[EventRounds "11"]
[EventCountry "ENG"]
[SourceTitle "EXT 1999"]
[Source "ChessBase"]
[SourceDate "1998.11.16"]
[SourceVersion "1"]
[SourceVersionDate "1998.11.16"]
[SourceQuality "1"]

1. e4 g6 2. d4 Bg7 3. Nf3 d6 4. Bc4 e6 5. Bb3 Ne7 6. c3 b6 7. Nbd2 Bb7 8. 0-0 0-0 9. Re1 c5 10. Nf1 Nbc6 11. Ng3 e5 12. Be3 Na5 13. Bc2 exd4 14. cxd4 Nc4 15. Bc1 cxd4 16. Nxd4 d5 17. e5 Nxe5 18. Bg5 f6 19. Ne6 Qd6 20. Nxf8 fxg5 21. Ne4 Qc6 22. Nxh7 Kxh7 23. Nxg5+ Kg8 24. f4 Nf7 25. Nxf7 Kxf7 26. Rc1 Rc8 27. Qe2 Bd4+ 28. Kh1 Qf6 29. b3 Bc3 30. Rf1 Nf5 31. Qb5 Qe6 32. Qd3 d4 33. Qh3 Kg7 34. Bd3 Re8 35. Rc2 Qd5 36. Re2 Rxe2 37. Bxe2 Ne3 38. Rf2 Qf5 39. Qh4 Qf6 40. Qxf6+ Kxf6 41. Bd3 Bc8 42. h3 Bf5 43. Bxf5 Kxf5 44. g4+ Ke4 45. f5 gxf5 46. g5 d3 47. g6 f4 48. h4 Nf5 0-1

[Event "BCF-ch"]
[Site "Southampton"]
[Date "1986.??.??"]
[Round "5"]
[White "Pritchett, Craig William"]
[Black "Bell, Stephen"]
[Result "1/2-1/2"]
[WhiteElo "2400"]
[BlackElo "2360"]
[PlyCount "117"]
[EventDate "1986.07.28"]
[EventType "swiss"]
[EventRounds "11"]
[EventCountry "ENG"]
[SourceTitle "EXT 1999"]
[Source "ChessBase"]
[SourceDate "1998.11.16"]
[SourceVersion "1"]
[SourceVersionDate "1998.11.16"]
[SourceQuality "1"]

1. e4 d6 2. d4 Nf6 3. Nc3 g6 4. Nf3 Bg7 5. h3 0-0 6. Be3 a6 7. a4 Nc6 8. g3 e5 9. Bg2 Bd7 10. 0-0 Re8 11. Kh2 h5 12. dxe5 Nxe5 13. Nxe5 Rxe5 14. Bf4 Rc5 15. Qd2 h4 16. g4 Bxg4 17. hxg4 g5 18. Be3 Nxg4+ 19. Kh1 Nxe3 20. Qxe3 Bxc3 21. bxc3 Qf6 22. Ra3 g4 23. Rg1 Kh8 24. Bf1 Rg8 25. c4 Rg7 26. Rd3 g3 27. Rd5 Kg8 28. f4 Rg4 29. f5 Rxd5 30. cxd5 Qe5 31. Bg2 a5 32. Rf1 f6 33. Qf3 Rg7 34. Rb1 b6 35. c3 Qe8 36. Ra1 Rg5 37. Kg1 Qe5 38. Re1 Kg7 39. Rf1 Kh8 40. Rd1 Kg7 41. Bh3 Qe8 42. Ra1 b5 43. Qd3 bxa4 44. Kg2 Kh7 45. Qc2 Qb5 46. Rxa4 Rg8 47. c4 Qc5 48. Qe2 Qd4 49. Ra2 Rb8 50. Rd2 Qc3 51. Rc2 Qd4 52. Rd2 Qc3 53. Rc2 Qd4 54. Qg4 Rb1 55. Qxh4+ Kg7 56. Qxg3+ Kf8 57. Kh2 Qd1 58. Qg2 a4 59. Bg4 1/2-1/2

[Event "BCF-ch"]
[Site "Southampton"]
[Date "1986.??.??"]
[Round "2"]
[White "Thipsay, Praveen Mahadeo"]
[Black "Bell, Stephen"]
[Result "1-0"]
[WhiteElo "2375"]
[BlackElo "2360"]
[PlyCount "73"]
[EventDate "1986.07.28"]
[EventType "swiss"]
[EventRounds "11"]
[EventCountry "ENG"]
[SourceTitle "EXT 1999"]
[Source "ChessBase"]
[SourceDate "1998.11.16"]
[SourceVersion "1"]
[SourceVersionDate "1998.11.16"]
[SourceQuality "1"]

1. e4 g6 2. d4 Bg7 3. Nc3 d6 4. f4 Nf6 5. Nf3 0-0 6. Bd3 Nc6 7. 0-0 Bg4 8. e5 dxe5 9. dxe5 Nd5 10. h3 Bf5 11. Nxd5 Qxd5 12. Bxf5 Qc5+ 13. Kh2 gxf5 14. Qd3 Nb4 15. Qxf5 Qxc2 16. Nd4 Qd3 17. Qxd3 Nxd3 18. Nf5 e6 19. Nxg7 Kxg7 20. Rf3 Rfd8 21. f5 Nxc1 22. Rxc1 Rd7 23. fxe6 fxe6 24. Rc4 c6 25. Rf6 Re8 26. Kg3 Rf7 27. Rg4+ Kf8 28. Rh4 Ree7 29. Rhh6 Rxf6 30. exf6 Rd7 31. Kf4 Rd2 32. Rxh7 Rxg2 33. Rxb7 c5 34. h4 a5 35. h5 Rh2 36. Ke5 Re2+ 37. Kd6 1-0